<?xml version="1.0" encoding="UTF-8"?>
<record
    xmlns:xsi="http://www.w3.org/2001/XMLSchema-instance"
    xsi:schemaLocation="http://www.loc.gov/MARC21/slim http://www.loc.gov/standards/marcxml/schema/MARC21slim.xsd"
    xmlns="http://www.loc.gov/MARC21/slim">

  <leader>01116nam0a22002531  4500</leader>
  <controlfield tag="001">rc\655070</controlfield>
  <controlfield tag="005">20250621201029.0</controlfield>
  <datafield tag="035" ind1=" " ind2=" ">
    <subfield code="a">(NLR Aleph) 005894746</subfield>
  </datafield>
  <datafield tag="090" ind1=" " ind2=" ">
    <subfield code="a">6214511</subfield>
    <subfield code="c">6214511</subfield>
  </datafield>
  <datafield tag="100" ind1=" " ind2=" ">
    <subfield code="a">20031121d1986    |||y0rusy50      ca</subfield>
  </datafield>
  <datafield tag="101" ind1="0" ind2=" ">
    <subfield code="a">rus</subfield>
  </datafield>
  <datafield tag="102" ind1=" " ind2=" ">
    <subfield code="a">RU</subfield>
  </datafield>
  <datafield tag="105" ind1=" " ind2=" ">
    <subfield code="a">y   |||||||||</subfield>
  </datafield>
  <datafield tag="200" ind1="1" ind2=" ">
    <subfield code="a">&#x41F;&#x440;&#x430;&#x43A;&#x442;&#x438;&#x43A;&#x430; &#x43E;&#x440;&#x433;&#x430;&#x43D;&#x438;&#x437;&#x430;&#x446;&#x438;&#x438; &#x441;&#x43E;&#x446;&#x438;&#x430;&#x43B;&#x438;&#x441;&#x442;&#x438;&#x447;&#x435;&#x441;&#x43A;&#x43E;&#x433;&#x43E; &#x441;&#x43E;&#x440;&#x435;&#x432;&#x43D;&#x43E;&#x432;&#x430;&#x43D;&#x438;&#x44F; &#x432; &#x441;&#x43E;&#x432;&#x445;&#x43E;&#x437;&#x435; "&#x413;&#x438;&#x431;&#x440;&#x438;&#x434;&#x43D;&#x44B;&#x439;" &#x42D;&#x41F;&#x41E; "&#x41F;&#x43E;&#x432;&#x43E;&#x43B;&#x436;&#x441;&#x43A;&#x43E;&#x435;" &#x41A;&#x443;&#x439;&#x431;&#x44B;&#x448;&#x435;&#x432;&#x441;&#x43A;&#x43E;&#x439; &#x43E;&#x431;&#x43B;&#x430;&#x441;&#x442;&#x438;</subfield>
    <subfield code="f">[&#x41F;.&#x412;. &#x425;&#x440;&#x430;&#x43C;&#x446;&#x43E;&#x432;, &#x43A;. &#x44D;. &#x43D;., &#x412;.&#x410;. &#x425;&#x440;&#x43E;&#x43C;&#x43E;&#x432;, &#x412;.&#x421;. &#x410;&#x431;&#x440;&#x430;&#x43C;&#x43E;&#x432;, &#x437;&#x43E;&#x43E;&#x442;&#x435;&#x445;&#x43D;&#x438;&#x43A;]</subfield>
    <subfield code="g">&#x412;&#x414;&#x41D;&#x425; &#x421;&#x421;&#x421;&#x420;, &#x413;&#x43E;&#x441;. &#x430;&#x433;&#x440;&#x43E;&#x43F;&#x440;&#x43E;&#x43C;. &#x43A;&#x43E;&#x43C;. &#x420;&#x421;&#x424;&#x421;&#x420;, &#x412;&#x441;&#x435;&#x440;&#x43E;&#x441;. &#x43E;&#x442;&#x434;-&#x43D;&#x438;&#x435; &#x412;&#x410;&#x421;&#x425;&#x41D;&#x418;&#x41B;, &#x412;&#x441;&#x435;&#x440;&#x43E;&#x441;. &#x41D;&#x418;&#x418; &#x44D;&#x43A;&#x43E;&#x43D;&#x43E;&#x43C;&#x438;&#x43A;&#x438; &#x442;&#x440;&#x443;&#x434;&#x430; &#x438; &#x443;&#x43F;&#x440;. &#x432; &#x441;&#x435;&#x43B;. &#x445;&#x43E;&#x437;-&#x432;&#x435;</subfield>
  </datafield>
  <datafield tag="210" ind1=" " ind2=" ">
    <subfield code="a">&#x41C;.</subfield>
    <subfield code="c">&#x412;&#x41D;&#x418;&#x42D;&#x422;&#x423;&#x421;&#x425;</subfield>
    <subfield code="d">1986</subfield>
  </datafield>
  <datafield tag="215" ind1=" " ind2=" ">
    <subfield code="a">14 &#x441;.</subfield>
    <subfield code="d">20</subfield>
  </datafield>
  <datafield tag="700" ind1=" " ind2="1">
    <subfield code="a">&#x425;&#x440;&#x430;&#x43C;&#x446;&#x43E;&#x432;</subfield>
    <subfield code="b">&#x412;.&#x41F;.</subfield>
  </datafield>
  <datafield tag="701" ind1=" " ind2="1">
    <subfield code="a">&#x425;&#x440;&#x43E;&#x43C;&#x43E;&#x432;</subfield>
    <subfield code="b">&#x412;.&#x410;.</subfield>
  </datafield>
  <datafield tag="701" ind1=" " ind2="1">
    <subfield code="a">&#x410;&#x431;&#x440;&#x430;&#x43C;&#x43E;&#x432;</subfield>
    <subfield code="b">&#x412;.&#x421;.</subfield>
  </datafield>
  <datafield tag="801" ind1=" " ind2="0">
    <subfield code="a">RU</subfield>
    <subfield code="b">NLR</subfield>
    <subfield code="g">psbo</subfield>
  </datafield>
  <datafield tag="801" ind1=" " ind2="1">
    <subfield code="a">RU</subfield>
    <subfield code="b">ELAR</subfield>
    <subfield code="2">rusmarc</subfield>
  </datafield>
  <datafield tag="852" ind1=" " ind2=" ">
    <subfield code="a">NLR</subfield>
    <subfield code="j">88-4/7456</subfield>
  </datafield>
  <datafield tag="942" ind1=" " ind2=" ">
    <subfield code="c">BOOK</subfield>
  </datafield>
  <datafield tag="980" ind1=" " ind2=" ">
    <subfield code="a">NB</subfield>
  </datafield>
  <datafield tag="995" ind1=" " ind2=" ">
    <subfield code="5">2013-10-26</subfield>
    <subfield code="b">NLR01</subfield>
    <subfield code="c">NLR01</subfield>
    <subfield code="e">RF9</subfield>
    <subfield code="f">5894746-10</subfield>
    <subfield code="k">88-4/7456</subfield>
    <subfield code="o">0</subfield>
    <subfield code="r">BOOK</subfield>
    <subfield code="s">8847456_</subfield>
  </datafield>
</record>
